Príspevok na bývanie je štátna sociálna dávka
Príspevok na bývanie upravuje zákon č. 300/1999 Z.z. a nadobudol účinnosť 1. januára 2000. Definícia príspevku na bývanie. Podmienky nároku na príspevok. Vypočítavanie výšky príspevku a jeho vyplácanie.
Guardado en:
| Autor principal: | |
|---|---|
| Formato: | Capítulo de libro |
| Lenguaje: | eslovaco |
| Materias: | |
| Etiquetas: |
Sin Etiquetas, Sea el primero en etiquetar este registro!
|
MARC
| LEADER | 00000naa a2200000 4500 | ||
|---|---|---|---|
| 001 | r038042 | ||
| 005 | 20230824105218.6 | ||
| 041 | 0 | |a slo | |
| 044 | |a SK | ||
| 245 | 1 | 0 | |a Príspevok na bývanie je štátna sociálna dávka |c Zuzana Tekulová |
| 520 | |a Príspevok na bývanie upravuje zákon č. 300/1999 Z.z. a nadobudol účinnosť 1. januára 2000. Definícia príspevku na bývanie. Podmienky nároku na príspevok. Vypočítavanie výšky príspevku a jeho vyplácanie. | ||
| 610 | 2 | 0 | |a bývanie |
| 610 | 2 | 0 | |a príspevky nenávratné |
| 610 | 2 | 0 | |a dávky sociálne |
| 610 | 2 | 0 | |a zákony |
| 610 | 2 | 0 | |a Slovensko |
| 610 | 2 | 0 | |a 1999 |
| 100 | 1 | |a Tekulová, Zuzana | |